|
|
|
|
| LEADER |
01464nam a2200277 a 4500 |
| 008 |
990701s2008 maua b 001 0 eng d |
| 020 |
|
|
|a 9780070648104
|
| 020 |
|
|
|a 0070648107
|
| 040 |
|
|
|a DLC
|c DLC
|d DLC
|d BD-DhAAL
|
| 082 |
0 |
0 |
|a 621.382/75
|2 21
|
| 100 |
1 |
|
|a Keiser, Gerd.
|
| 245 |
1 |
0 |
|a Optical fiber communications /
|c Gerd Keiser.
|
| 250 |
|
|
|a 4th ed.
|
| 260 |
|
|
|a Boston, MA ;
|a New Delhi :
|b McGraw-Hill,
|c 2008.
|
| 300 |
|
|
|a xvii, 578 p. :
|b ill. ;
|c 24 cm.
|
| 490 |
0 |
|
|a McGraw-Hill series in electrical and computer engineering.
|p Communications and signal processing
|
| 504 |
|
|
|a Includes bibliographical references.
|
| 541 |
1 |
|
|e 00019793
|
| 650 |
|
0 |
|a Optical communications.
|
| 650 |
|
0 |
|a Fiber optics.
|
| 852 |
4 |
|
|a Ayesha Abed Library
|j General Shelf
|
| 999 |
|
|
|c 7526
|d 7526
|
| 952 |
|
|
|0 0
|1 0
|2 ddc
|4 0
|6 621_382750000000000_KEI_2008
|7 0
|9 8129
|a BRACUL
|b BRACUL
|c GEN
|d 2010-02-15
|l 3
|m 9
|o 621.38275 KEI
|p 3010019793
|r 2014-12-23
|s 2014-10-19
|t 1
|w 2010-02-15
|y BK
|
| 952 |
|
|
|0 0
|1 0
|2 ddc
|4 0
|6 621_382750000000000_KEI_2008
|7 0
|9 8130
|a BRACUL
|b BRACUL
|c GEN
|d 2010-02-15
|l 1
|m 6
|o 621.38275 KEI
|p 3010019792
|r 2014-11-08
|s 2014-09-28
|t 2
|w 2010-02-15
|y BK
|
| 952 |
|
|
|0 0
|1 0
|2 ddc
|4 0
|6 621_382750000000000_KEI_2008
|7 0
|9 10952
|a BRACUL
|b BRACUL
|c GEN
|d 2010-06-14
|l 1
|o 621.38275 KEI
|p 3010018033
|r 2016-11-30
|s 2016-06-28
|t 3
|w 2010-06-14
|y BK
|
| 952 |
|
|
|0 0
|1 0
|2 ddc
|4 0
|6 621_382750000000000_KEI_2008
|7 0
|9 10953
|a BRACUL
|b BRACUL
|c GEN
|d 2010-06-14
|l 0
|o 621.38275 KEI
|p 3010018032
|r 2010-06-14
|t 1
|w 2010-06-14
|y BK
|